000
00268nam a22001097a 4500
082
_a
327 HAS'S
100
_a
HASKINS, CARYL P
_9
80285
245
_a
THE SCIENTIFIC REVOLUTION AND WORLD POLITICS
260
_a
NEWYORK
_b
HARPER & ROW
_c
1964
300
_a
115P
942
_c
BK
999
_c
585226
_d
585226